[Event "GEO chT Clubs 2017"]
[Site "Tbilisi"]
[Date "2017.11.29"]
[Round "2"]
[White "Mchedlishvili, Mikheil"]
[Black "Maghalashvili, Davit"]
[Result "1/2-1/2"]
[WhiteElo "2604"]
[BlackElo "2496"]
[Annotator "TA"]
[PlyCount "62"]
[EventDate "2017.??.??"]
[EventCountry "GEO"]
[SourceTitle "playchess.com"]
[Source "ChessBase"]
[SourceQuality "1"]

{[%evp 23,62,20,30,24,29,18,21,2,14,14,12,10,20,26,31,16,21,21,65,0,0,0,0,0,0,-10,-13,-13,0,0,0,0,0,0,0,0,0,0,2,0,21]} 1. e4 e6 2. d4 d5 3. Nd2 dxe4 4. Nxe4 Nd7 5. Nf3 Ngf6 6. Bd3 c5 7. O-O Nxe4 8. Bxe4 Nf6 9. Bg5 cxd4 {C10: Französische Verteidigung (Rubinstein-Variante)} 10. Nxd4 (10. Qe2 Qb6 11. Bxf6 gxf6 12. Rad1 Bg7 13. Nxd4 O-O 14. c3 Bd7 15. Bb1 Rad8 16. g4 Rfe8 17. Rd3 {1-0 (44) Karjakin,S (2783)-Meier,G (2630) chess.com INT 2017}) 10... Be7 11. Bf3 O-O 12. Qd3 Qb6 {LiveBook: 6 Partien} 13. Rad1 Rd8 {[#] Droht stark ...Lc5.} 14. Qb5 Qc7 $146 ({Vorgänger:} 14... Bd7 15. Qxb6 axb6 16. a3 e5 17. Rfe1 Bxa3 18. Bxb7 {½-½ (52) Kovalev,A (2487)-Sakalauskas,V (2388) Vilnius 2014}) 15. Nb3 a6 16. Rxd8+ Bxd8 17. Qc5 h6 18. Bh4 Qxc5 19. Nxc5 Bc7 20. Rd1 ({Bitte nicht} 20. Nxb7 Rb8 $17) ({Viel schwächer wäre} 20. Bxb7 Bxb7 21. Nxb7 Rb8 $17) 20... Ra7 21. Ne4 ({Besser ist} 21. Bxf6 $14 gxf6 22. Ne4) 21... Nxe4 $11 {Die Stellung ist ausgeglichen.} 22. Bxe4 {[#] Und weiter mit Ld8 wäre nett.} f5 23. Bd8 b5 24. Bf3 Kf7 25. c3 Bxd8 26. Rxd8 {[%mdl 4096] Endspiel KTL-KTL} Rc7 27. Kf1 Ke7 28. Rg8 Kd6 29. Rd8+ Ke7 30. Rg8 Kd6 31. Rd8+ Ke5 {Precision: Weiß = 64%, Schwarz = 63%.} 1/2-1/2

[Event "GEO chT Clubs 2017"]
[Site "Tbilisi"]
[Date "2017.11.29"]
[Round "2"]
[White "Jojua, Davit"]
[Black "Paichadze, Luka"]
[Result "1/2-1/2"]
[WhiteElo "2591"]
[BlackElo "2580"]
[Annotator "TA"]
[PlyCount "147"]
[EventDate "2017.??.??"]
[EventCountry "GEO"]
[SourceTitle "playchess.com"]
[Source "ChessBase"]
[SourceQuality "1"]

{[%evp 21,147,0,0,4,27,35,14,18,24,10,24,31,40,34,25,31,61,49,135,70,84,66,79,62,153,141,157,154,162,158,160,145,182,180,257,241,318,285,398,340,420,427,419,421,414,414,413,401,397,391,414,337,337,337,318,337,330,331,334,306,300,314,293,267,302,243,315,312,308,310,315,329,290,260,285,285,272,250,261,130,130,130,130,130,130,130,130,130,130,121,130,121,121,121,121,121,121,0,121,121,121,121,136,121,137,137,137,137,137,137,137,137,137,144,137,130,130,130,137,137,137,137,137,0,137,0,137,0]} 1. d4 Nf6 2. c4 e6 3. g3 Bb4+ 4. Bd2 Be7 5. Bg2 d5 6. Nf3 O-O 7. O-O c6 8. Qc2 Nbd7 9. Bf4 Ne4 {[%cal Bf6e4,Be4d6,Bd6f5][%mdl 32]} 10. Nc3 g5 {E08: Katalanisch} 11. Be3 Nd6 {LiveBook: 5 Partien} 12. b3 Nf5 {Die Stellung ist ausgeglichen.} (12... dxc4 {keeps more tension.} 13. Bc1 Nb6 14. e4 Nb5 15. Be3 f6) 13. Bd2 $146 ({Vorgänger:} 13. g4 Nxe3 14. fxe3 b5 15. e4 b4 16. exd5 bxc3 17. dxc6 Nb8 18. Qe4 {0-1 (34) Eljanov,P (2760)-Carlsen,M (2844) Wijk aan Zee 2016}) 13... g4 14. Ne1 $1 {[%cal Rc4d5]} Nxd4 15. Qd1 $1 Bf6 16. e3 Nf3+ 17. Nxf3 gxf3 18. Qxf3 Ne5 19. Qe2 dxc4 (19... Bg7 $14) 20. f4 (20. Ne4 $16) 20... Nd3 21. bxc4 Nc5 22. Rab1 Qe7 (22... Bg7 $14) 23. Ne4 $16 Nxe4 24. Bxe4 Bg7 25. Bb4 $1 {[%cal Rb4e7]} c5 {[#]} 26. Ba3 $1 Rd8 27. Rb5 Qe8 (27... Qd7 $142 28. Bxc5 f5) 28. Bxc5 $40 {[%mdl 128] Weiss geht auf den König.} Bd7 29. Rxb7 Rac8 30. Ba3 ({Nicht} 30. Qh5 f5 $16) 30... Bc6 31. Re7 Bxe4 32. Rxe8+ Rxe8 33. Bd6 Red8 34. c5 Rd7 35. Rd1 Rb7 36. Be5 Bxe5 37. fxe5 Rxc5 38. Qg4+ Bg6 39. Qg5 {jetzt Td8+ und aus.} ({Weniger gut wäre} 39. Rd8+ Kg7 $16) 39... Rb8 40. h4 h5 41. Rd8+ Rxd8 42. Qxd8+ {[%mdl 4096] Endspiel KD-KTL} Kh7 43. a3 a5 44. Qd4 Rd5 45. Qc3 Be4 46. Kf2 Kg6 47. Ke2 Kf5 48. Qc7 Kg6 49. Qc8 {Schwarz muss nun Dg8+ beachten.} Kg7 {[#]} 50. Qc4 (50. Qc3 $1 $18) 50... Rxe5 $16 51. Qd4 f6 52. Qd7+ Kf8 53. Qd8+ Kf7 54. Qc7+ Kf8 55. Kd2 Bg6 56. Qa7 Rd5+ 57. Kc3 Re5 58. Qd4 Kf7 59. Qa7+ Kf8 $1 60. Qb8+ Kf7 61. Qc7+ Kg8 62. Qd8+ Kg7 63. Qe7+ Bf7 64. Kd3 Rd5+ 65. Ke2 Rf5 66. Qc7 Re5 67. Kf3 Rd5 68. g4 hxg4+ 69. Kxg4 Re5 70. Kf3 Rh5 71. Qg3+ Kh7 72. Qc7 Kg7 $1 73. Qg3+ Kh7 $1 74. Qc7 {Precision: Weiß = 75%, Schwarz = 55%.} (74. Qd6 $16) 1/2-1/2

[Event "GEO chT Clubs 2017"]
[Site "Tbilisi"]
[Date "2017.11.30"]
[Round "2"]
[White "Pantsulaia, Levan"]
[Black "Jojua, Davit"]
[Result "1/2-1/2"]
[WhiteElo "2591"]
[BlackElo "2591"]
[Annotator "TA"]
[PlyCount "120"]
[EventDate "2017.??.??"]
[EventCountry "GEO"]
[SourceTitle "playchess.com"]
[Source "ChessBase"]
[SourceQuality "1"]

{[%evp 13,120,55,49,29,35,0,1,0,2,0,39,0,0,0,0,0,0,0,5,0,0,0,0,10,0,0,22,7,23,6,10,0,0,0,0,5,25,-180,-174,-164,-168,-210,-189,-213,-204,-217,-155,-155,-164,-184,0,-172,0,-183,-164,-170,-167,-166,0,-161,-148,-170,-126,-118,0,-171,-165,-192,-154,-159,0,-168,-155,-157,-156,-155,-145,-153,-153,-157,-130,-154,-139,-173,-129,-125,-78,-75,-77,-71,-74,-67,-58,-73,-36,-67,-32,-45,5,4,3,8,22,22,22,22,22,22,24]} 1. Nf3 g6 2. e4 Bg7 3. d4 d6 4. Bc4 e6 5. Bb3 b6 (5... Ne7 6. O-O O-O 7. Re1 Nd7 8. c3 a6 9. Nbd2 b5 10. Nf1 c5 11. Ng3 Bb7 12. Bf4 e5 13. Be3 exd4 14. cxd4 {0-1 (40) Grandelius,N (2653)-Dubov,D (2677) Germany 2017}) 6. O-O {B06: Moderne Verteidigung} Bb7 7. Re1 Nd7 {LiveBook: 3 Partien} 8. Bg5 {Weiß steht etwas besser.} Ne7 9. Nbd2 $146 ({Vorgänger:} 9. Nc3 a6 10. a4 h6 11. Be3 O-O 12. Nd2 e5 13. dxe5 dxe5 {1-0 (47) Fox,A (2117)-Marks,I (1944) Port Erin 2006}) 9... h6 10. Be3 O-O 11. c3 c5 12. Bf4 cxd4 13. cxd4 Nf6 14. Rc1 Nh5 15. Be3 Nf6 16. Bf4 Nh5 17. Be3 Nf6 18. Bc2 Rc8 19. h3 b5 20. Qe2 a6 21. Bb1 Qd7 22. Bf4 Rxc1 23. Rxc1 Rc8 24. Rd1 Rd8 25. Qe3 $2 {[#]} (25. Nb3 $11) 25... Nfd5 $1 $36 {[%mdl 2560] Weiss steht unter starkem Druck.} 26. exd5 Nxd5 27. Qa3 {zielt auf Lh2 ab.} Nxf4 28. Ne4 f5 29. Ng3 {[#]} b4 $1 {[%mdl 512]} 30. Qe3 (30. Qxb4 Nxh3+) 30... Nd5 31. Qe2 Nf4 32. Qe3 Nd5 33. Qe2 $1 Re8 34. h4 Nf4 35. Qd2 Nd5 $2 ({Besser ist} 35... Bxf3 $1 $19 36. gxf3 Nd5) 36. Re1 $2 (36. Qe2 $1 $11 {und Weiss steht sicher.}) 36... a5 37. Qe2 Nf4 38. Qe3 {[#]} Nd5 (38... Nxg2 $1 $17 {[%mdl 512]} 39. Kxg2 f4 $1 {[%mdl 512]}) 39. Qe2 Bc6 40. Qc2 Rc8 41. Qd2 Re8 $2 (41... Ba8 $17 {Und weiter mit ...Lb7 wäre nett.} 42. Bd3 Bb7) 42. a3 $2 (42. Qc2 $1 $11 {und Weiss muss sich keine Sorgen machen.}) 42... bxa3 43. bxa3 a4 44. Ba2 Kh8 45. Ne2 {[#]} Kh7 $1 46. Qc2 Nf6 47. Nf4 {[%cal Ra2e6]} Be4 48. Qd1 Bxf3 49. Qxf3 {[%cal Ra2e6]} d5 50. h5 Nxh5 51. Nxh5 gxh5 52. Qxh5 Rf8 53. Qd1 Rc8 54. Bb1 Kh8 55. Qh5 Qe8 (55... Kg8 {looks sharper.} 56. g4 Qf7 57. Qxf7+ Kxf7 58. gxf5 Rc4) 56. Qxe8+ {Die Stellung ist ausgeglichen.} Rxe8 57. Bxf5 Bxd4 {Und ...Tf8 würde nun gewinnen.} 58. Rxe6 Rxe6 59. Bxe6 Bc5 60. Bxd5 Bxa3 {Precision: Weiß = 51%, Schwarz = 57%.} 1/2-1/2

[Event "GEO chT Clubs 2017"]
[Site "Tbilisi"]
[Date "2017.11.30"]
[Round "2"]
[White "Paichadze, Luka"]
[Black "Chanturia, Lasha"]
[Result "1-0"]
[WhiteElo "2580"]
[BlackElo "1793"]
[Annotator "TA"]
[PlyCount "59"]
[EventDate "2017.??.??"]
[EventCountry "GEO"]
[SourceTitle "playchess.com"]
[Source "ChessBase"]
[SourceQuality "1"]

{[%evp 14,59,11,2,6,2,20,-16,-3,-7,0,-16,-14,-27,-3,-11,39,33,30,30,106,91,107,98,235,234,367,247,208,157,354,355,540,527,522,514,895,890,889,845,896,895,886,880,862,861,894,894]} 1. e4 e5 2. Nc3 Nc6 3. Bc4 Nf6 4. d3 Bb4 5. Nge2 d5 6. exd5 Nxd5 7. O-O Be6 8. a3 {LiveBook: 3 Games. And now Bxd5 would win. C28: Vienna Game: 2...Nf6 3 Bc4 Nc6} Be7 (8... Bxc3 9. bxc3 O-O 10. a4 b6 11. Bb5 Na5 12. d4 e4 13. c4 Ne7 14. d5 Bg4 15. Ba6 c6 16. h3 Bc8 17. Bxc8 Rxc8 {1-0 (76) Nakamura,H (2774)-Topalov,V (2749) Saint Louis 2017}) 9. Nxd5 Bxd5 10. b3 {The position is equal.} Qd6 $146 ({Predecessor:} 10... O-O 11. Bb2 Nd4 12. Nxd4 exd4 13. Bxd4 Bc6 14. Qg4 Bf6 15. Bxf6 Qxf6 {1-0 (31) Stambulian,A (2371)-Strelnikov,O (2405) Krasnodar 2001}) 11. Nc3 Bxc4 12. bxc4 O-O 13. Nd5 Rfe8 14. f4 Bd8 15. Rb1 Rb8 16. Bb2 e4 (16... f6 $11) 17. Re1 f5 18. dxe4 fxe4 {[#]} (18... Rxe4 $16 {was necessary.} 19. Rxe4 fxe4) 19. Re3 $1 $18 Re6 (19... Ne7 $142 20. Rxe4 Rf8) 20. Qg4 $40 {[%csl Gb2][%cal Rg4g7][%mdl 128] Black is in trouble.} Rg6 21. Qf5 Be7 $2 (21... Ne7 $16 {might work better.} 22. Qxe4 Nxd5 23. Qxd5+ Qxd5 24. cxd5 c6) 22. Qxe4 Bf8 (22... Bf6 {keeps fighting.} 23. Nxf6+ gxf6) 23. f5 {White is clearly winning.} Rh6 24. Rg3 Qxg3 (24... Qc5+ $142 25. Kh1 Qd6) 25. hxg3 Bc5+ 26. Ne3 Rd8 27. Re1 Nd4 28. Bxd4 Bxd4 29. Kf2 Bc5 {[#]} 30. Rd1 $1 {[%mdl 512] Precision: White = 74%, Black = 21%.} 1-0

[Event "GEO chT Clubs 2017"]
[Site "Tbilisi"]
[Date "2017.11.30"]
[Round "2"]
[White "Gelashvili, Tamaz"]
[Black "Bechvaia, Gabriel"]
[Result "1-0"]
[WhiteElo "2556"]
[BlackElo "1806"]
[Annotator "TA"]
[PlyCount "73"]
[EventDate "2017.??.??"]
[EventCountry "GEO"]
[SourceTitle "playchess.com"]
[Source "ChessBase"]
[SourceQuality "1"]

{[%evp 12,73,0,-10,9,6,41,43,25,32,170,105,125,118,120,95,110,95,102,91,98,106,87,81,107,73,116,114,188,181,197,161,173,150,193,75,203,187,196,157,157,152,235,252,202,228,257,283,259,261,335,350,396,378,484,358,1839,560,1816,1786,2096,1656,2302,1952]} 1. e4 c5 2. b3 Nc6 3. Bb2 d6 4. Bb5 Bd7 5. f4 e6 6. Nf3 {B20: Sicilian: Unusual White 2nd moves} Nf6 7. d3 {LiveBook: 4 Games} (7. Nc3 a6 8. Bxc6 Bxc6 9. Qe2 Be7 10. O-O-O Qc7 11. Kb1 b5 12. e5 dxe5 13. Nxe5 O-O 14. Nxc6 Qxc6 {½-½ (31) Malakhov,I (2446)-Donskov,A (2308) St Petersburg 2017}) 7... Qa5+ 8. Nc3 {The position is equal.} Nd4 $146 ({Predecessor:} 8... Be7 9. O-O O-O-O 10. Qe1 Qb6 11. a4 Nb4 12. a5 Qc7 13. Bxd7+ Qxd7 {0-1 (40) Schweitzer,W (2067)-Bollen,G (2135) Groningen 2015}) 9. Bxd7+ Nxd7 10. O-O O-O-O (10... Be7 $14) 11. Nxd4 ({Better is} 11. Ng5 $18) 11... cxd4 $16 12. Ne2 e5 13. c3 dxc3 14. Bxc3 Qb6+ 15. Kh1 f6 16. Qd2 $36 {[%mdl 2048] Keeping Black busy.} Qa6 17. b4 {[%cal Bb3b4,Bb4b5][%mdl 32]} Kb8 18. d4 Be7 19. a4 {[%cal Ba2a4,Ba4a5,Ba5a6][%mdl 32] [#] b5 is the strong threat.} b6 (19... Qc6 $16 {was called for.}) 20. b5 Qb7 21. Qe3 Rhe8 22. a5 Rc8 23. Rfc1 (23. a6 $18 {is more deadly.} Qc7 24. Rfc1) 23... Rc4 (23... bxa5 $16 24. Bxa5 (24. Rxa5 exf4 25. Qxf4 g5 $11) 24... Rxc1+ 25. Rxc1 (25. Qxc1 Rc8 $14) 25... Rc8) 24. a6 $18 Qc7 25. Qg3 g5 26. Qh3 Rc8 (26... Nf8 $16 {was necessary.}) 27. Qe6 ({Much less strong is} 27. Qxh7 $6 Qd8) 27... Nf8 28. Qd5 gxf4 29. Bb2 Rxc1+ 30. Nxc1 ({Weaker is} 30. Rxc1 Qd7 $16) 30... Qd7 31. Nd3 {[%cal Bc1d3,Bd3b4,Bb4d5][%mdl 32]} Rc7 32. Nb4 Qe6 33. Ba3 Kc8 $2 {[#]} (33... Qxd5 34. Nxd5 Kc8 35. Nxc7 Kxc7 36. Rc1+ Kd7) 34. Qa8+ {White is clearly winning.} Kd7 35. Nd5 Rc2 36. Qxa7+ Kd8 37. Qxb6+ {Precision: White = 73%, Black = 31%.} 1-0

[Event "GEO chT Clubs 2017"]
[Site "Tbilisi"]
[Date "2017.11.29"]
[Round "2"]
[White "Sturua, Zurab"]
[Black "Benidze, Davit"]
[Result "1-0"]
[WhiteElo "2536"]
[BlackElo "2512"]
[Annotator "TA"]
[PlyCount "97"]
[EventDate "2017.??.??"]
[EventCountry "GEO"]
[SourceTitle "playchess.com"]
[Source "ChessBase"]
[SourceQuality "1"]

{[%evp 16,97,33,21,51,42,47,39,63,61,60,61,37,43,35,41,30,33,48,26,58,31,31,33,36,26,31,25,41,40,43,47,52,27,18,20,23,33,43,43,43,41,54,44,44,50,102,62,88,93,104,103,157,104,119,91,269,261,237,227,307,296,456,345,480,232,228,238,195,181,426,419,659,655,1082,1050,1028,951,12835,12835,12850,12851,12851,12851]} 1. d4 Nf6 2. Nf3 b6 3. c4 Bb7 4. Nc3 d5 5. Bg5 dxc4 6. e3 e6 7. Bxc4 Be7 8. O-O O-O 9. Qe2 h6 {D53: Queen's Gambit Declined: 4 Bg5 Be7: Early deviations} (9... Nbd7 10. Rfd1 h6 11. Bf4 Nh5 12. Be5 Nhf6 13. Bg3 Nh5 14. Rac1 Nxg3 15. hxg3 Nf6 16. e4 c6 17. a3 {1-0 (34) Torrecillas Martinez,A (2355)-Paredes Prat,J (2250) Barcelona 1996}) 10. Bxf6 $146 ({Predecessor:} 10. Bh4 Ne4 11. Bxe7 Nxc3 12. bxc3 Qxe7 13. e4 Rd8 14. Ne5 Nd7 15. f4 Nf6 16. Bd3 c5 17. Nf3 cxd4 18. cxd4 {½-½ (49) Diotallevi,M (2113)-Di Cio,E (1821) Arco 2005}) 10... Bxf6 11. Rad1 Qc8 {White is slightly better.} 12. e4 c6 13. e5 Be7 14. Qe4 Ba6 15. Bd3 Bxd3 16. Rxd3 Na6 17. a3 Rd8 18. h4 Qd7 {[#] Threatens to win with ...Nc5!} 19. Rfd1 Nc7 20. Qg4 Nd5 21. Ne4 f5 22. exf6 $1 Nxf6 23. Nxf6+ Bxf6 24. Re1 e5 25. Qxd7 Rxd7 26. Nxe5 Bxe5 27. Rxe5 $11 {[%mdl 4096] Endgame KRR-KRR} Rad8 28. Re4 c5 {[%cal Rc5d4]} 29. Kf1 cxd4 30. Ke2 Rc8 ({Better is} 30... Rd5 $14) 31. g3 (31. Rdxd4 $6 Rc2+ 32. Ke3 Rf7 $11) 31... Rc4 32. Rd2 b5 33. Kd3 Ra4 (33... Kf7 $142) 34. Rc2 (34. Re8+ $142 Kh7 35. Rb8) 34... Kf7 35. Rc6 (35. Re1 {looks sharper.} Ra6 36. Re5 Rb6 37. Rf5+ Kg6 38. Rfc5) 35... Re7 $2 (35... b4 $16 {keeps fighting.}) 36. Rxe7+ $18 ({Don't take} 36. Rxd4 $6 Rxd4+ 37. Kxd4 Re2 $16) 36... Kxe7 {KR-KR} 37. Rc5 a6 38. Rc6 Kd7 (38... Kf7 $142 39. f3 h5 40. Rc7+ Kf6) 39. Rb6 Kc7 40. Re6 (40. Rg6 $142) 40... b4 {[#]} 41. Rg6 $1 bxa3 42. bxa3 ({Don't do} 42. Rxg7+ $6 Kd6 $16) 42... Rxa3+ $2 (42... Kd7 43. Ke4 (43. Rxg7+ Ke6 $16) 43... Ke7) 43. Kxd4 Rf3 (43... Ra2 $142 44. Rxg7+ Kd8) 44. Rxg7+ {White is clearly winning.} Kd8 45. Rg6 a5 46. Rxh6 a4 47. Ra6 Rxf2 48. Rxa4 Rf3 49. Ra8+ {Precision: White = 69%, Black = 39%.} 1-0

[Event "GEO chT Clubs 2017"]
[Site "Tbilisi"]
[Date "2017.11.29"]
[Round "2"]
[White "Quparadze, Giga"]
[Black "Volkov, Nika"]
[Result "0-1"]
[WhiteElo "2515"]
[BlackElo "1982"]
[Annotator "TA"]
[PlyCount "102"]
[EventDate "2017.??.??"]
[EventCountry "GEO"]
[SourceTitle "playchess.com"]
[Source "ChessBase"]
[SourceQuality "1"]

{[%evp 24,102,39,14,24,0,42,45,43,21,31,28,41,4,12,0,0,-19,19,0,0,0,0,0,0,0,7,1,14,0,0,0,0,0,0,0,39,7,42,28,22,21,29,23,33,30,43,33,36,0,0,0,0,0,8,-125,-123,-600,-605,-586,-573,-600,-575,-610,-599,-1220,-1173,-1124,-1090,-828,-781,-29988,-29989,-29989,-29990,-29989,-29984,-29996,-29997,-29997,-419]} 1. e4 e6 2. d4 d5 3. Nd2 c5 4. Ngf3 Nc6 5. exd5 exd5 6. Bb5 Bd6 7. O-O Nge7 8. dxc5 Bxc5 9. Nb3 Bb6 10. Re1 O-O 11. Be3 Bf5 12. c3 Be4 13. Nbd4 {LiveBook: 3 Games. C09: French Tarrasch: 3...c5 4 exd5 exd5 5 Ngf3 Nc6} Qd6 (13... Re8 14. Qa4 Qd6 15. Ng5 Qg6 16. Nxe4 dxe4 17. Nxc6 bxc6 18. Bf1 Nd5 19. Bxb6 axb6 20. Qd4 h5 {½-½ (42) Kobalia,M (2596)-Vastrukhin,O (2386) St Petersburg 2017}) 14. Ng5 Bc7 $146 ({Predecessor:} 14... Bg6 15. Qd2 Rad8 16. Rad1 Qf6 17. Nh3 h6 18. Nf4 Ne5 19. Nxg6 N7xg6 20. Nc2 Nh4 {0-1 (41) Eichner,S (2276)-Spiess,G (2391) Leipzig 2004}) 15. g3 {White is slightly better.} Qg6 16. Nxe4 dxe4 17. Nxc6 bxc6 18. Bf1 (18. Qd7 $5 {[%cal Rd7c7]} Bd6 19. Ba4 $14 (19. Bxc6 Rad8 $11)) 18... Nd5 19. Bc5 Rfe8 20. Qa4 Bb6 21. Qc4 h5 22. Bg2 {[%cal Re1e4]} f5 23. f3 {[%cal Rf3e4]} Bxc5+ 24. Qxc5 h4 25. fxe4 fxe4 26. c4 Nf6 27. gxh4 ({Of course not} 27. Qxc6 Rab8 $15) 27... Rad8 28. Qg5 Qf7 29. b3 Rd4 30. Re3 Qc7 31. Rf1 Re5 32. Qg6 {aiming for Rxf6.} Qe7 33. Kh1 c5 34. Bh3 Rd2 35. a3 a5 36. Qg3 Nh5 37. Qe1 Qd6 38. Bg2 Nf6 39. Rg3 {[#]} (39. Qg3 $11 {keeps the balance.}) 39... Qd4 $1 $17 {Threatens to win with ...e3.} 40. Rg1 $2 {[%mdl 8192]} (40. Qe3 $17 Nh5 41. Rh3) 40... e3 $19 41. Bf3 e2 42. Rxg7+ {[#]} Kf8 $1 43. R7g6 Rd1 44. Rxf6+ Ke7 45. Qxd1 exd1=Q 46. Rxd1 Qe3 47. Rdd6 Qf2 {[%cal Rf2f1] Black mates.} 48. Be4 Qe1+ 49. Kg2 Rxe4 50. Ra6 Rg4+ 51. Kf3 Qe4+ {Precision: White = 34%, Black = 76%.} 0-1

[Event "GEO chT Clubs 2017"]
[Site "Tbilisi"]
[Date "2017.11.30"]
[Round "2"]
[White "Benidze, Davit"]
[Black "Beradze, Irakli"]
[Result "1-0"]
[WhiteElo "2512"]
[BlackElo "2452"]
[Annotator "TA"]
[PlyCount "105"]
[EventDate "2017.??.??"]
[EventCountry "GEO"]
[SourceTitle "playchess.com"]
[Source "ChessBase"]
[SourceQuality "1"]

{[%evp 19,105,-20,0,-20,24,18,19,14,15,14,18,25,20,9,38,29,83,58,104,87,121,128,206,205,210,216,216,203,197,216,195,198,226,188,214,222,208,214,182,167,341,347,340,340,325,327,366,367,356,341,337,323,375,371,383,363,408,376,368,325,357,394,579,579,605,563,579,579,840,522,522,518,610,610,829,829,831,789,803,603,777,732,779,752,734,710,665,664]} 1. c4 c6 2. Nf3 d5 3. e3 Bf5 4. Nc3 e6 5. Nh4 Be4 6. d4 {A11: English Opening: 1...c6} Nf6 7. Qb3 $146 ({Predecessor:} 7. f3 Bg6 8. Qb3 Qc7 9. Bd2 Be7 10. Nxg6 hxg6 11. g3 O-O 12. Rc1 Qd7 13. Be2 dxc4 14. Qxc4 Rd8 15. Rd1 b5 16. Qb3 a6 {½-½ (31) Ivanchuk,V (2710)-Bluebaum,M (2590) Doha 2015}) 7... Qb6 8. c5 Qc7 9. f3 Bg6 10. Bd2 Nbd7 {LiveBook: 4 Games} 11. Rc1 e5 12. Be2 Be7 13. O-O exd4 14. exd4 Nh5 15. Nxg6 hxg6 16. f4 Nhf6 17. Rce1 O-O (17... b6 $11 {keeps the balance.}) 18. Bf3 Rfe8 19. g4 $1 {[%cal Bg2g4,Bg4g5][%mdl 32]} b6 20. g5 Nh7 (20... bxc5 $16 21. gxf6 Bxf6) 21. Nxd5 $1 $18 cxd5 22. Bxd5 Nxc5 23. Bxf7+ (23. dxc5 Bxc5+ 24. Kh1 Rxe1 $14) 23... Kf8 24. Qh3 $1 {[%cal Rh3h7]} Kxf7 25. f5 {fxg6+ would kill now.} Nxg5 26. fxg6+ Kxg6 27. Qf5+ Kh6 {[#] White must now prevent ...Rf8.} ({And not} 27... Kh5 28. Rf3 Qxh2+ 29. Kxh2 Bd6+ 30. Kg2 Re3 31. Rh3+ $1 {[%mdl 512]} Rxh3 32. Qxg5#) 28. Re5 $1 Qd8 {[#]} 29. Rd5 $1 $40 {[%cal Rd5d8][%mdl 128] White has strong attack.} Rf8 $2 (29... g6 {was worth a try.} 30. Bxg5+ Bxg5 31. Qh3+ Kg7 32. Rxd8 Raxd8) 30. Bxg5+ ({Less strong is} 30. Rxd8 Rxf5 31. Rxa8 Rxf1+ 32. Kxf1 Nce4 $16) 30... Bxg5 31. Qh3+ Kg6 32. Rxd8 Rxf1+ 33. Kxf1 Rxd8 34. dxc5 bxc5 {[%mdl 4096] Endgame KQ-KRB} 35. Qe6+ Bf6 36. Qe4+ Kh6 37. Qe3+ Kh7 38. Qxc5 Bd4 39. Qc2+ Kh8 40. b4 Bb6 (40... Rf8+ $142 41. Ke1 Bf2+ 42. Kd1 Bb6) 41. a4 {[%cal Ba2a4,Ba4a5][%mdl 32] White is clearly winning.} Rd4 42. Qc3 Rd6 43. a5 Bd4 44. Qh3+ Kg8 45. Qc8+ Kh7 46. b5 Rf6+ 47. Ke2 Rd6 48. Qc7 Re6+ 49. Kd3 Bf2 50. Qf7 Rf6 51. Qh5+ Kg8 52. Ke2 Kf8 53. Qg4 {Precision: White = 80%, Black = 44%.} 1-0

[Event "GEO chT Clubs 2017"]
[Site "Tbilisi"]
[Date "2017.11.29"]
[Round "2"]
[White "Shanava, Konstantine"]
[Black "Gelashvili, Tamaz"]
[Result "1-0"]
[WhiteElo "2512"]
[BlackElo "2556"]
[Annotator "TA"]
[PlyCount "127"]
[EventDate "2017.??.??"]
[EventCountry "GEO"]
[SourceTitle "playchess.com"]
[Source "ChessBase"]
[SourceQuality "1"]

{[%evp 14,127,0,1,8,7,10,15,68,68,66,62,78,88,90,87,124,97,155,149,181,144,142,99,104,110,101,100,127,127,127,127,127,127,123,123,131,125,126,112,111,102,102,98,106,97,99,100,112,110,110,108,110,117,110,110,110,105,116,104,126,120,129,125,177,177,246,241,355,350,356,347,369,366,430,430,430,410,430,429,429,429,429,418,425,420,431,420,418,372,472,462,490,489,493,480,497,488,517,504,481,458,462,418,568,631,719,719,705,693,709,602,1171,1152,1194,1214]} 1. e4 e5 2. Nf3 Nc6 3. Bc4 Bc5 4. O-O d6 {[%cal Bd7d6,Bd6d5][%mdl 32]} 5. c3 Nf6 6. d4 Bb6 {C50: Hungarian Defence and Giuoco Pianissimo} 7. h3 (7. a4 a6 8. dxe5 Nxe5 9. Nxe5 dxe5 10. Qxd8+ Kxd8 11. a5 Ba7 12. Nd2 Ke7 13. b3 Bc5 14. b4 {½-½ (32) Saric,I (2666)-Aronian,L (2797) Wijk aan Zee 2015}) 7... O-O 8. Re1 {LiveBook: 3 Games} Nxe4 {The position is equal.} 9. Rxe4 {[#] Bg5 is the strong threat.} d5 $1 {[%cal Rd5e4]} 10. Bg5 Qd7 $146 ({Better is} 10... f6 $11 11. dxe5 dxc4 12. Qxd8 Rxd8 13. exf6 Rd1+ 14. Re1 Rxe1+ 15. Nxe1 gxf6 16. Bxf6 Be6) ({Predecessor:} 10... f6 11. dxe5 dxc4 12. Qxd8 Rxd8 13. exf6 Rd1+ 14. Re1 Rxe1+ 15. Nxe1 h6 16. Bd2 Be6 {½-½ (16) Hrvacic,P (1959)-Herzog,K (1802) LSS email 2009}) 11. Nxe5 $14 Nxe5 12. Bxd5 Qxd5 13. Rxe5 Qc6 14. Bf4 Qg6 15. Nd2 {[%cal Bb1d2,Bd2c4,Bc4e3][%mdl 32]} c6 (15... Bxh3 $142 16. Rg5 Qf6) 16. Re3 $16 Qf5 17. Rf3 Qd5 18. Rg3 {Black must now prevent Bh6.} Bf5 19. Qh5 {And now Rxg7+! would win.} Rfe8 20. Nc4 {Threatens to win with Ne3.} Bg6 21. Qxd5 cxd5 22. Ne3 Rad8 23. Rg5 Be4 24. Re5 Rxe5 25. Bxe5 f6 26. Bg3 Kf7 27. Re1 Bg6 28. f3 Rd7 29. Bb8 a5 30. g4 a4 31. Kf2 Ba5 32. h4 Bd3 33. Rd1 Ba6 34. Ke1 g6 35. Kd2 Rd8 36. Bf4 (36. Bg3 {looks sharper.} Re8 37. Bf4 b5 38. a3 Bc8 39. Rb1) 36... b5 37. a3 Bc8 38. g5 {[%cal Bg4g5,Bg5f6][%mdl 32]} Be6 (38... fxg5 $16 39. hxg5 (39. Bxg5 Rf8 $16) 39... Be6) 39. gxf6 $18 h5 (39... Rf8 $142 40. Be5 Bd8) 40. Be5 Rg8 (40... Rd7 $142 41. Ng2 Bc7) 41. Rg1 Bd8 42. Rg5 Re8 43. Ng2 Bxf6 44. Bxf6 Kxf6 {[%mdl 4096] Endgame KRB-KRN} 45. Nf4 Bf5 46. Nxd5+ Kf7 47. Ne3 Bd7 48. Ke2 Bf5 49. Kf2 Bd3 50. f4 Re6 51. Kf3 Kf6 52. Re5 Kf7 53. Nd1 Bc4 54. Nf2 Rd6 55. Ne4 Bd5 56. Ke3 Rd8 57. Ng3 Bc4 58. Ke4 Rd6 59. d5 {White is clearly winning.} Rf6 60. Ke3 Rd6 61. Kd4 Rf6 62. f5 {[%cal Bf4f5,Bf5f6][%mdl 32]} Rd6 63. Ne4 Rd8 64. f6 {Precision: White = 85%, Black = 37%.} 1-0